Memorias: Los espacios Marí­timos de Colombia y su proyección hacia el Siglo XXI (Record no. 20982)

MARC details
000 -LEADER
campo de control de longitud fija 00392nam a2200121Ia 4500
008 - DATOS DE LONGITUD FIJA--INFORMACIÓN GENERAL
campo de control de longitud fija 231129s1998||||xx |||||||||||||| ||spa||
082 ## - NÚMERO DE LA CLASIFICACIÓN DECIMAL DEWEY
Número de clasificación 333.917 S471e
100 ## - ENTRADA PRINCIPAL--NOMBRE DE PERSONA
Nombre de persona Cartagena de Indias 19 y 20 de marzo de 1998
245 #0 - MENCIÓN DEL TÍTULO
Título Memorias: Los espacios Marí­timos de Colombia y su proyección hacia el Siglo XXI
260 ## - PUBLICACIÓN, DISTRIBUCIÓN, ETC.
Fecha de publicación, distribución, etc. 1998
264 ## - PRODUCCIÓN, PUBLICACIÓN, DISTRIBUCIÓN, FABRICACIÓN Y COPYRIGHT
Producción, publicación, distribución, fabricación y copyright Colombia : Colofonia Diseño
942 ## - ELEMENTOS DE ENTRADA SECUNDARIOS (KOHA)
Fuente del sistema de clasificación o colocación Clasificación Decimal Dewey
Tipo de ítem Koha
Holdings
Estatus retirado Estado de pérdida Fuente del sistema de clasificación o colocación Estado de daño No para préstamo Biblioteca de origen Biblioteca actual Fecha de adquisición Total de préstamos Signatura topográfica completa Código de barras Visto por última vez Copia número Precio de reemplazo Tipo de ítem Koha
    Clasificación Decimal Dewey     BIBLIOTECA PÚBLICA MUNICIPAL RAMON CORREA MEJIA BIBLIOTECA PÚBLICA MUNICIPAL RAMON CORREA MEJIA 14/01/2016   333.917 S471e 30332 29/11/2023 1 29/11/2023 Libros

Powered by Koha